[Event "XV Open"]
[Site "Crema ITA"]
[Date "2013.08.31"]
[Round "3"]
[White "Impellizzeri, Francesco"]
[Black "Folcini, Gaddo"]
[WhiteElo "1872"]
[BlackElo "1558"]
[Result "1-0"]
[PlyCount "77"]
[EventDate "2013.08.30"]

1. Nf3 e5 2. Nxe5 Nf6 3. d4 d6 4. Nf3 Bg4 5. Nbd2 Be7 6. e3 Nbd7 7. Bd3 c5 8.
O-O cxd4 9. exd4 O-O 10. Re1 d5 11. h3 Bh5 12. c3 Re8 13. Qc2 Bd6 14. Rxe8+
Qxe8 15. g4 Nxg4 16. hxg4 Bxg4 17. Bxh7+ Kf8 18. Bf5 Nf6 19. Bxg4 Nxg4 20. Qf5
Ne3 21. fxe3 Qxe3+ 22. Kf1 Bg3 23. Ne5 Qe1+ 24. Kg2 Bxe5 25. Qxe5 Qd1 26. Qd6+
Kg8 27. Qe7 f5 28. Nf3 Rf8 29. Qe1 Qa4 30. Bf4 Rf6 31. Ne5 Qc2+ 32. Kf1 Qa4 33.
Qe2 Ra6 34. Qh5 Qb5+ 35. Qe2 Qa4 36. Kf2 Qa5 37. Qh5 Qc7 38. Qe8+ Kh7 39. Rh1+
1-0

[Event "XV Open"]
[Site "Crema ITA"]
[Date "2013.08.31"]
[Round "3"]
[White "Losi, Paolo"]
[Black "Galli, Fabrizio"]
[WhiteElo "1728"]
[BlackElo "1455"]
[Result "1/2-1/2"]
[PlyCount "92"]
[EventDate "2013.08.30"]

1. d4 d5 2. Nf3 e6 3. c4 Nf6 4. Nc3 b6 5. Qc2 Nc6 6. Bg5 Be7 7. e3 Bb7 8. cxd5
exd5 9. a3 a6 10. Bd3 h6 11. Bf4 Bd6 12. Ne5 Bxe5 13. dxe5 Nh5 14. O-O-O Nxf4
15. exf4 Ne7 16. f5 Nc6 17. f4 d4 18. Be4 Qe7 19. Nd5 Qd8 20. Rhe1 Rc8 21. f6
g6 22. Bxg6 Qxd5 23. Be4 Qc5 24. Rd2 Rd8 25. Qxc5 bxc5 26. Rc2 Na5 27. Bxb7
Nxb7 28. e6 Rd6 29. f5 Rg8 30. g3 Rg5 31. Rf2 h5 32. Rf3 Na5 33. Re5 Nb7 34.
Rb3 Rb6 35. exf7+ Kxf7 36. Rxb6 cxb6 37. Re7+ Kxf6 38. Rxb7 Kxf5 39. Rxb6 a5
40. Rb3 Ke4 41. Kd2 Rf5 42. Ke2 c4 43. Rb8 d3+ 44. Ke1 Rf3 45. Re8+ Kd4 46.
Rd8+ Ke4 1/2-1/2

[Event "XV Open"]
[Site "Crema ITA"]
[Date "2013.08.31"]
[Round "3"]
[White "Madaschi, Sergio"]
[Black "Volpati, Antonio"]
[WhiteElo "1493"]
[BlackElo "1609"]
[Result "0-1"]
[PlyCount "122"]
[EventDate "2013.08.30"]

1. e4 e6 2. d4 d5 3. Nd2 b6 4. exd5 exd5 5. Ngf3 Nf6 6. Be2 c5 7. c4 cxd4 8.
Nxd4 Bc5 9. N2b3 Be7 10. O-O O-O 11. cxd5 Ba6 12. Bxa6 Nxa6 13. Nc6 Qd7 14.
Nxe7+ Qxe7 15. Re1 Qd6 16. Bg5 h6 17. Bh4 g5 18. Bg3 Qxd5 19. Qxd5 Nxd5 20. a3
Rac8 21. Re2 Nf4 22. Bxf4 gxf4 23. Nd4 Nc5 24. b4 Nd3 25. h3 Rfd8 26. Nf3 Nc1
27. Re1 Nd3 28. Re7 Rc2 29. Ne5 Nxe5 30. Rxe5 Rdd2 31. Rae1 Ra2 32. Rf5 Rd4 33.
g3 Rxa3 34. Rxf4 Rxf4 35. gxf4 Rxh3 36. Ra1 Rf3 37. Rxa7 Rxf4 38. Ra8+ Kg7 39.
Rb8 Rxb4 40. Rb7 Kf6 41. Kg2 h5 42. f3 Kg6 43. Kg3 b5 44. Rb8 Rb1 45. Kh3 b4
46. Rg8+ Kh7 47. Rg5 b3 48. Rxh5+ Kg6 49. Rb5 b2 50. Kg2 Kf6 51. f4 Ke6 52. Rb7
f5 53. Rb5 Kd6 54. Kf2 Kc6 55. Rb8 Kc5 56. Ke2 Rh1 57. Rc8+ Kd4 58. Rd8+ Ke4
59. Re8+ Kxf4 60. Re3 b1=Q 61. Rf3+ Kg4 0-1

[Event "XV Open"]
[Site "Crema ITA"]
[Date "2013.08.31"]
[Round "3"]
[White "Maraschi, Alberto"]
[Black "Carbone, Lorenzo"]
[WhiteElo "1339"]
[BlackElo "1556"]
[Result "0-1"]
[PlyCount "86"]
[EventDate "2013.08.30"]

1. e4 c5 2. Nf3 d6 3. d4 cxd4 4. Nxd4 Nf6 5. Nc3 a6 6. Bg5 e6 7. Bd3 Be7 8. Nf3
Nc6 9. O-O O-O 10. Re1 Qc7 11. Qe2 b5 12. e5 dxe5 13. Nxe5 Qxe5 14. Qxe5 Nxe5
15. Rxe5 h6 16. Bxf6 Bxf6 17. Re3 Bb7 18. a3 Rac8 19. Bf1 Rc5 20. Rd1 Bxc3 21.
Rxc3 Rxc3 22. bxc3 Bd5 23. Rd3 Rc8 24. Rg3 Bc4 25. Bxc4 Rxc4 26. Rd3 Ra4 27. c4
Rxc4 28. g3 Ra4 29. Rb3 Kf8 30. Kg2 Ke7 31. Rd3 Rc4 32. Rd2 Rc3 33. a4 bxa4 34.
Rd4 Rxc2 35. Rxa4 Rc6 36. h4 Kd7 37. Rf4 f6 38. Rb4 Kc7 39. Kh3 a5 40. Ra4 Ra6
41. Kg4 g6 42. f4 Kc6 43. Re4 f5+ 0-1

[Event "XV Open"]
[Site "Crema ITA"]
[Date "2013.08.31"]
[Round "3"]
[White "Marzatico, Luca"]
[Black "Bini, Massimo"]
[WhiteElo "1713"]
[BlackElo "2036"]
[Result "0-1"]
[PlyCount "54"]
[EventDate "2013.08.30"]

1. e4 e5 2. f4 Bc5 3. Nf3 d6 4. Bc4 Nf6 5. d4 exd4 6. Qd3 O-O 7. O-O d5 8. exd5
Nxd5 9. Kh1 Nb4 10. Qb3 N4c6 11. Ng5 Qf6 12. Nd2 Na5 13. Qa4 Nxc4 14. Nxc4 Bf5
15. Na3 Re8 16. Bd2 Nc6 17. Rae1 h6 18. Nf3 Be4 19. Ne5 Nxe5 20. fxe5 Qxe5 21.
Re2 Qd5 22. Rfe1 f5 23. Nb5 Bb6 24. c4 Qc6 25. Ba5 a6 26. Nxc7 Qxa4 27. Bxb6 d3
0-1

[Event "XV Open"]
[Site "Crema ITA"]
[Date "2013.08.31"]
[Round "3"]
[White "Molinelli, Luigi"]
[Black "Acunzo, Domenico"]
[WhiteElo "1236"]
[BlackElo "1723"]
[Result "0-1"]
[PlyCount "74"]
[EventDate "2013.08.30"]

1. d4 e6 2. Nf3 f5 3. Bf4 Nf6 4. Nbd2 d5 5. Ne5 Bd6 6. Ndf3 O-O 7. e3 Ne4 8.
Bd3 Nd7 9. O-O Nxe5 10. dxe5 Be7 11. c3 g5 12. Nxg5 Bxg5 13. Bxg5 Qxg5 14. f4
Qh6 15. Rf3 Rf7 16. Rh3 Qf8 17. Qh5 Bd7 18. Bxe4 fxe4 19. Rg3+ Rg7 20. Rg5 Rxg5
21. Qxg5+ Qg7 22. Qxg7+ Kxg7 23. Kf2 c5 24. h4 Rf8 25. g4 d4 26. cxd4 cxd4 27.
Rc1 Bc6 28. Rc4 dxe3+ 29. Kxe3 Rd8 30. Rd4 Bd5 31. a3 Rc8 32. Rd2 Rc1 33. g5
Rh1 34. f5 Kf7 35. fxe6+ Kxe6 36. Rf2 Kxe5 37. Rf4 Rh3+ 0-1

[Event "XV Open"]
[Site "Crema ITA"]
[Date "2013.08.31"]
[Round "3"]
[White "Motola, Jacopo"]
[Black "Gobbo, Francesco"]
[WhiteElo "2039"]
[BlackElo "1967"]
[Result "1-0"]
[PlyCount "67"]
[EventDate "2013.08.30"]

1. e4 c6 2. d4 d5 3. Nd2 dxe4 4. Nxe4 Bf5 5. Ng3 Bg6 6. Nh3 e6 7. Nf4 Bd6 8. h4
Qc7 9. Nxg6 hxg6 10. Ne4 Be7 11. g3 Nf6 12. Bg2 Nbd7 13. Bf4 Qa5+ 14. Qd2 Qxd2+
15. Bxd2 Nxe4 16. Bxe4 Nf6 17. Bf3 O-O-O 18. c3 Nd5 19. O-O-O Bf6 20. Rde1 Rhe8
21. h5 gxh5 22. Rxh5 g6 23. Rh7 Rd7 24. Kc2 Rh8 25. Rxh8+ Bxh8 26. b3 Bf6 27.
Rh1 Kd8 28. Rh7 Ke8 29. Be4 e5 30. dxe5 Bxe5 31. f4 Bc7 32. f5 Bxg3 33. Bg5 Rc7
34. Rh8+ 1-0

[Event "XV Open"]
[Site "Crema ITA"]
[Date "2013.08.31"]
[Round "3"]
[White "Nordio, Giorgio"]
[Black "Righini, Giovanni"]
[WhiteElo "1666"]
[BlackElo "1868"]
[Result "0-1"]
[PlyCount "106"]
[EventDate "2013.08.30"]

1. c4 b6 2. g3 Bb7 3. Nf3 e6 4. Bg2 Nf6 5. O-O Be7 6. e3 O-O 7. Nc3 d5 8. b3
dxc4 9. bxc4 Ne4 10. Bb2 Bf6 11. Qc2 Bxc3 12. Bxc3 Nxc3 13. Qxc3 Nd7 14. Rfd1
Qf6 15. Qxf6 Nxf6 16. d4 Rac8 17. Ne5 Bxg2 18. Kxg2 c5 19. f3 cxd4 20. exd4
Rfd8 21. Rac1 Rc7 22. c5 bxc5 23. dxc5 Rxd1 24. Rxd1 Nd5 25. Rc1 f6 26. Nd3 e5
27. a3 Kf7 28. Nb4 Ke6 29. Kf2 a5 30. Nd3 Kd7 31. Ke2 Kc6 32. a4 Rb7 33. Kd2
Nb4 34. Rb1 Rd7 35. Rb3 Rxd3+ 36. Rxd3 Nxd3 37. Kxd3 Kxc5 38. f4 e4+ 39. Kxe4
Kb4 40. Kf5 Kxa4 41. Ke6 Kb4 42. Kf7 a4 43. Kxg7 a3 44. Kxf6 a2 45. Kg7 a1=Q+
46. Kxh7 Qf6 47. h4 Kc5 48. h5 Kd6 49. g4 Ke7 50. g5 Qf7+ 51. Kh6 Qxf4 52. Kg6
Kf8 53. Kh6 Kg8 0-1

[Event "XV Open"]
[Site "Crema ITA"]
[Date "2013.08.31"]
[Round "3"]
[White "Oteri, Aldo"]
[Black "Marchesotti, Giovanni"]
[WhiteElo "1772"]
[BlackElo "1540"]
[Result "1-0"]
[PlyCount "59"]
[EventDate "2013.08.30"]

1. e4 c5 2. Nf3 e6 3. d4 cxd4 4. Nxd4 a6 5. c4 Nf6 6. Nc3 d6 7. Bd3 Be7 8. O-O
O-O 9. Be3 Nbd7 10. f4 Nc5 11. Bc2 d5 12. cxd5 exd5 13. exd5 Nxd5 14. Nxd5 Qxd5
15. Nf5 Qe6 16. Nxe7+ Qxe7 17. Bxh7+ Kh8 18. Qh5 Qxe3+ 19. Kh1 Bg4 20. Qh4 Rfe8
21. Rae1 Qxe1 22. Rxe1 Rxe1+ 23. Qxe1 g6 24. Bxg6 fxg6 25. Qh4+ Bh5 26. g4 Nd3
27. gxh5 Re8 28. hxg6+ Kg7 29. Qh7+ Kf8 30. Qf7# 1-0

[Event "XV Open"]
[Site "Crema ITA"]
[Date "2013.08.31"]
[Round "3"]
[White "Pisani, Valerio"]
[Black "Sartorio, Diego"]
[WhiteElo "1706"]
[BlackElo "1896"]
[Result "1-0"]
[PlyCount "60"]
[EventDate "2013.08.30"]

1. e4 e6 2. g3 d5 3. Bg2 dxe4 4. Bxe4 Nf6 5. Bg2 Bc5 6. Nf3 Nc6 7. O-O O-O 8.
d3 h6 9. h3 Re8 10. Be3 Bxe3 11. fxe3 Qd6 12. Qe1 Rb8 13. g4 Qc5 14. c3 b6 15.
d4 Qe7 16. g5 hxg5 17. Nxg5 Na5 18. Nd2 Bb7 19. Qh4 Bxg2 20. Kxg2 c5 21. Rf2
Qb7+ 22. Kg1 Kf8 23. Qh8+ Ke7 24. Qxg7 Nd7 25. Qxf7+ Kd6 26. dxc5+ Nxc5 27. b4
Nd3 28. Nde4+ Kc6 29. Rd2 Qxf7 30. Nxf7 Ne5 1-0

[Event "XV Open"]
[Site "Crema ITA"]
[Date "2013.08.31"]
[Round "3"]
[White "Rosini, Luca Ungaro"]
[Black "Poletto, Daniele"]
[WhiteElo "1527"]
[BlackElo "1744"]
[Result "0-1"]
[PlyCount "66"]
[EventDate "2013.08.30"]

1. d4 Nf6 2. c4 g6 3. Nc3 Bg7 4. e4 d6 5. Nf3 O-O 6. h3 e5 7. d5 a5 8. Bd3 Na6
9. Be3 Nc5 10. O-O Nh5 11. Nd2 Nxd3 12. a3 Nc5 13. b4 axb4 14. axb4 Rxa1 15.
Qxa1 Na6 16. Qa3 b6 17. Nb3 f5 18. c5 f4 19. Bd2 bxc5 20. bxc5 Nxc5 21. Nxc5
dxc5 22. Qxc5 g5 23. Nb5 Rf7 24. Ba5 Bf8 25. Qc4 Ba6 26. Qb3 Bxb5 27. Qxb5 Qd7
28. Qc4 Bd6 29. Rb1 g4 30. hxg4 Qxg4 31. Rb8+ Kg7 32. Qa4 f3 33. g3 Nxg3 0-1

[Event "XV Open"]
[Site "Crema ITA"]
[Date "2013.08.31"]
[Round "3"]
[White "Salvador, Roland"]
[Black "Agnelli, Francesco"]
[WhiteElo "2461"]
[BlackElo "2035"]
[Result "1-0"]
[PlyCount "43"]
[EventDate "2013.08.30"]

1. d4 c5 2. d5 Nf6 3. c4 g6 4. Nc3 d6 5. e4 Bg7 6. Be2 a6 7. h3 e6 8. Nf3 O-O
9. O-O exd5 10. exd5 Re8 11. Bg5 h6 12. Bh4 g5 13. Bg3 Nh5 14. Bh2 Nf4 15. Bxf4
gxf4 16. Qd2 Qf6 17. Rae1 Nd7 18. Bd1 Ne5 19. Ne4 Qd8 20. Qxf4 Nd3 21. Nf6+ Kf8
22. Qxd6+ 1-0

[Event "XV Open"]
[Site "Crema ITA"]
[Date "2013.08.31"]
[Round "3"]
[White "Silini, Bruno"]
[Black "Alati, Alberto"]
[WhiteElo "1604"]
[BlackElo "1764"]
[Result "1-0"]
[PlyCount "85"]
[EventDate "2013.08.30"]

1. g4 d6 2. h3 Nc6 3. Bg2 e5 4. c4 Nge7 5. d3 g6 6. Nf3 Bg7 7. Nc3 O-O 8. Be3
Be6 9. Qc1 f5 10. Ng5 Qd7 11. Nxe6 Qxe6 12. Bd5 Nxd5 13. cxd5 Qd7 14. dxc6 Qxc6
15. Rg1 f4 16. Bd2 f3 17. Ne4 Qb6 18. Be3 c5 19. Rb1 Qa5+ 20. Bd2 Qd8 21. Ng5
Qf6 22. Nxf3 d5 23. Bg5 Qd6 24. Qd2 Rae8 25. b4 e4 26. bxc5 Qxc5 27. d4 Qa3 28.
Rb3 Qa4 29. Ne5 Bxe5 30. dxe5 Rxe5 31. Bf4 Rxf4 32. Qxf4 Qd4 33. Qc1 b6 34. Qc3
Qc5 35. Qxc5 bxc5 36. e3 d4 37. exd4 cxd4 38. Ke2 Kf7 39. Rb7+ Ke6 40. Rxa7 Rb5
41. Rd1 Ke5 42. Re7+ Kd5 43. Rd7+ 1-0

[Event "XV Open"]
[Site "Crema ITA"]
[Date "2013.08.31"]
[Round "3"]
[White "Tagliaferri, Valerio"]
[Black "Bonade', Massimo"]
[WhiteElo "1862"]
[BlackElo "2100"]
[Result "0-1"]
[PlyCount "89"]
[EventDate "2013.08.30"]

1. c4 c5 2. Nc3 Nc6 3. g3 g6 4. Bg2 Bg7 5. Nf3 e5 6. d3 Nge7 7. e4 d6 8. Be3
Nd4 9. h3 O-O 10. Qd2 a6 11. O-O Nxf3+ 12. Bxf3 Bxh3 13. Bg2 Be6 14. f3 Rb8 15.
a4 b6 16. Kf2 f5 17. Bh3 Qc8 18. Rh1 Nc6 19. Nd5 fxe4 20. dxe4 Bxh3 21. Rh2 Bg4
22. f4 Rb7 23. Rah1 h5 24. Ke1 Nd4 25. Bxd4 exd4 26. Qd3 Qe6 27. Kd2 Re8 28.
Re1 Qd7 29. b3 b5 30. axb5 axb5 31. Rb1 Ra8 32. Kc1 Kh8 33. Rhb2 Rab8 34. Kd2
bxc4 35. Qxc4 Qb5 36. Qxb5 Rxb5 37. Kd3 R5b7 38. b4 cxb4 39. Rxb4 Rxb4 40. Rxb4
Rxb4 41. Nxb4 Kg8 42. Nc6 Kf7 43. Nd8+ Ke7 44. Nc6+ Kd7 45. Nxd4 0-1

[Event "XV Open"]
[Site "Crema ITA"]
[Date "2013.08.31"]
[Round "3"]
[White "Tahiraj, Almir"]
[Black "Bongiorni, Gabriele"]
[WhiteElo "1831"]
[BlackElo "1806"]
[Result "1/2-1/2"]
[PlyCount "57"]
[EventDate "2013.08.30"]

1. f4 d5 2. Nf3 Nf6 3. d4 c5 4. e3 e6 5. c3 Be7 6. Bd3 b6 7. O-O Bb7 8. Nbd2
Ne4 9. Bb5+ Bc6 10. Qa4 Bxb5 11. Qxb5+ Qd7 12. Qd3 f5 13. Ne5 Qb7 14. Qe2 Nf6
15. Ndf3 Qa6 16. Qe1 Nbd7 17. Qg3 g6 18. Qh3 Nxe5 19. Nxe5 Rg8 20. Bd2 Qe2 21.
Rf2 Qh5 22. Rf3 Qxh3 23. Rxh3 Ne4 24. Be1 h5 25. Kf1 Bd6 26. Nd3 c4 27. Nf2 a5
28. Rf3 Nxf2 29. Rxf2 1/2-1/2

[Event "XV Open"]
[Site "Crema ITA"]
[Date "2013.08.31"]
[Round "3"]
[White "Takahashi, Saera"]
[Black "Gonella, Graziano"]
[WhiteElo "1516"]
[BlackElo "1183"]
[Result "1-0"]
[PlyCount "39"]
[EventDate "2013.08.30"]

1. Nf3 d5 2. g3 Nc6 3. Bg2 Nf6 4. O-O Bd7 5. d3 e5 6. Nbd2 Qc8 7. Re1 Bh3 8. e4
Bxg2 9. Kxg2 Bd6 10. exd5 Nxd5 11. Nc4 f6 12. d4 b5 13. dxe5 fxe5 14. Ncxe5
Nce7 15. Nd3 Qd7 16. Nde5 Bxe5 17. Nxe5 Qd6 18. Bg5 h6 19. Qh5+ Kf8 20. Qf7#
1-0

[Event "XV Open"]
[Site "Crema ITA"]
[Date "2013.08.31"]
[Round "3"]
[White "Tedoldi, Guido"]
[Black "Frignani, Alessandro"]
[WhiteElo "1597"]
[BlackElo "1387"]
[Result "0-1"]
[PlyCount "98"]
[EventDate "2013.08.30"]

1. c4 e5 2. Nc3 c6 3. e4 Bc5 4. Nf3 f6 5. d4 exd4 6. Nxd4 Qb6 7. Na4 Bb4+ 8.
Nc3 Bc5 9. Nce2 Qb4+ 10. Nc3 Qb6 11. Na4 Bb4+ 12. Bd2 Qxd4 13. Bxb4 Qxe4+ 14.
Qe2 Qxe2+ 15. Bxe2 b6 16. Bf3 Na6 17. a3 Nxb4 18. axb4 Bb7 19. O-O O-O-O 20.
Rfe1 Nh6 21. Nc3 a6 22. h3 Rhe8 23. Kf1 g6 24. Ne4 Re6 25. Rad1 Kc7 26. c5 Nf7
27. Re3 f5 28. Nd2 Rxe3 29. fxe3 b5 30. Kf2 Ne5 31. Be2 d5 32. Nb3 Bc8 33. Nd4
Re8 34. g3 Nc4 35. Bxc4 bxc4 36. h4 Re4 37. Nf3 h6 38. Rd4 Re8 39. Nd2 Bd7 40.
Kf3 Ra8 41. Nb1 Rb8 42. Nd2 Rxb4 43. b3 Be6 44. bxc4 dxc4 45. Kf4 a5 46. Ke5
Bd5 47. Kf6 c3 48. Rxb4 axb4 49. e4 fxe4 0-1

[Event "XV Open"]
[Site "Crema ITA"]
[Date "2013.08.31"]
[Round "3"]
[White "Tirelli, Mauro"]
[Black "Reale, Simone"]
[WhiteElo "2038"]
[BlackElo "1941"]
[Result "1-0"]
[PlyCount "91"]
[EventDate "2013.08.30"]

1. d4 d5 2. Nf3 Nf6 3. e3 c6 4. Bd3 Bg4 5. c4 a6 6. h3 Bh5 7. Nc3 e6 8. O-O
Nbd7 9. g4 Bg6 10. Ne5 Nxe5 11. dxe5 Ne4 12. Bxe4 dxe4 13. Qxd8+ Rxd8 14. Ne2
Bc5 15. b4 Bb6 16. Rb1 Ke7 17. b5 Bc5 18. Nc3 cxb5 19. cxb5 f6 20. Na4 Ba7 21.
Ba3+ Ke8 22. bxa6 bxa6 23. Rb7 Rd7 24. Rfb1 h5 25. Rxa7 Rxa7 26. Rb8+ Kd7 27.
Rxh8 fxe5 28. gxh5 Bf5 29. Bb2 Kc6 30. Bxe5 Kd5 31. Bd4 Rc7 32. Rd8+ Kc4 33.
Rc8 Rxc8 34. Nb6+ Kb4 35. Nxc8 e5 36. Ne7 exd4 37. Nxf5 d3 38. Kf1 Kc3 39. Ke1
Kc2 40. Nd4+ Kc1 41. Nb3+ Kb2 42. Kd2 Kxa2 43. Nc5 a5 44. Nxe4 a4 45. Nc3+ Kb3
46. Nxa4 1-0

[Event "XV Open"]
[Site "Crema ITA"]
[Date "2013.08.31"]
[Round "3"]
[White "Ventura, Franco"]
[Black "Castrogiovanni, Carlo"]
[WhiteElo "2091"]
[BlackElo "2007"]
[Result "1-0"]
[PlyCount "47"]
[EventDate "2013.08.30"]

1. e4 d5 2. exd5 Nf6 3. d4 Nxd5 4. c4 Nb6 5. Nc3 Nc6 6. d5 Nb4 7. a3 Na6 8. Be3
e6 9. Nf3 Be7 10. Be2 O-O 11. O-O c6 12. dxc6 bxc6 13. Qc2 Qc7 14. b4 Bd7 15.
c5 Nxb4 16. axb4 Nd5 17. Nxd5 exd5 18. Qd2 h6 19. Bf4 Qd8 20. Ba6 g5 21. Bd6
Bxd6 22. cxd6 Rb8 23. Qd4 Qb6 24. Qf6 1-0

[Event "XV Open"]
[Site "Crema ITA"]
[Date "2013.08.31"]
[Round "4"]
[White "Acunzo, Domenico"]
[Black "Tahiraj, Almir"]
[WhiteElo "1723"]
[BlackElo "1831"]
[Result "1-0"]
[PlyCount "25"]
[EventDate "2013.08.30"]

1. e4 c6 2. d4 d5 3. e5 Bf5 4. Bd3 Bg6 5. Nf3 e6 6. O-O c5 7. c3 Nc6 8. Re1 Qb6
9. Re2 a6 10. Bg5 cxd4 11. cxd4 Nxd4 12. Nxd4 Qxd4 13. Bb5+ 1-0

[Event "XV Open"]
[Site "Crema ITA"]
[Date "2013.08.31"]
[Round "4"]
[White "Agnelli, Francesco"]
[Black "Blengino, Cristiano"]
[WhiteElo "2035"]
[BlackElo "1911"]
[Result "1/2-1/2"]
[PlyCount "148"]
[EventDate "2013.08.30"]

1. e4 Nf6 2. e5 Nd5 3. d4 d6 4. Nf3 dxe5 5. Nxe5 c6 6. Bd3 Nd7 7. O-O Nxe5 8.
dxe5 g6 9. Qe2 Bg7 10. c4 Nb4 11. Be4 Qc7 12. f4 f5 13. Bf3 Be6 14. a3 Na6 15.
Be3 O-O 16. Nc3 Rad8 17. Rfc1 g5 18. g3 b6 19. b4 Nb8 20. a4 gxf4 21. gxf4 Kh8
22. a5 Rg8 23. Kh1 Bh6 24. axb6 axb6 25. Qf2 Nd7 26. Nd5 Bxd5 27. cxd5 c5 28.
bxc5 Nxc5 29. Qh4 Bf8 30. Rg1 Bg7 31. Rg3 e6 32. d6 Qd7 33. Rag1 Rb8 34. Rh3
Bf8 35. Rxg8+ Kxg8 36. Rg3+ Kh8 37. Bh5 Ne4 38. Rg2 b5 39. Bf3 Nc3 40. Bc6 Qf7
41. Bf3 b4 42. Bh5 Qd7 43. Qf6+ Bg7 44. Qe7 Qxe7 45. dxe7 Nd5 46. Bc5 Nxf4 47.
e8=Q+ Rxe8 48. Bxe8 Nxg2 49. Kxg2 Bxe5 50. Bf7 Kg7 51. Bxe6 Kf6 52. Bg8 Kg7 53.
Bd5 Bc3 54. Be7 Kg6 55. Kf3 Bd2 56. Bc5 Kf6 57. Bd4+ Kg6 58. Bb3 Kg5 59. Be5
Bc3 60. Bf4+ Kf6 61. h4 Be1 62. Bg5+ Ke5 63. h5 Bc3 64. h6 f4 65. Bg8 Kf5 66.
Bxf4 Kg6 67. Bc4 Bb2 68. Bd3+ Kf7 69. Bxh7 Bh8 70. Bc2 Bf6 71. Kg4 Kg8 72. Kf5
Bc3 73. Kg6 Kh8 74. Bg5 Ba1 1/2-1/2

[Event "XV Open"]
[Site "Crema ITA"]
[Date "2013.08.31"]
[Round "4"]
[White "Alati, Alberto"]
[Black "Takahashi, Saera"]
[WhiteElo "1764"]
[BlackElo "1516"]
[Result "1-0"]
[PlyCount "111"]
[EventDate "2013.08.30"]

1. c4 e5 2. g3 Nf6 3. Nc3 c6 4. Bg2 d5 5. cxd5 cxd5 6. Qb3 e4 7. Nh3 Bxh3 8.
Bxh3 b6 9. Qb5+ Nbd7 10. Nxd5 a6 11. Nxf6+ gxf6 12. Bxd7+ Qxd7 13. Qxb6 Bd6 14.
Qd4 Qe6 15. d3 exd3 16. Qxd3 Rd8 17. O-O Be5 18. Qc2 f5 19. Bf4 Bf6 20. Rad1
Rc8 21. Qa4+ Qc6 22. Qxc6+ Rxc6 23. Rd2 Rc8 24. b3 Bc3 25. Rc2 Kd7 26. Rd1+ Ke7
27. Rd3 Bb4 28. Rxc8 Rxc8 29. Rd4 a5 30. Bd2 Rc2 31. Bxb4+ axb4 32. Rxb4 Rxa2
33. e4 Ke6 34. exf5+ Kxf5 35. Kg2 h5 36. Kf3 Kg6 37. h4 Rc2 38. Rb5 Rb2 39. b4
Rb3+ 40. Kf4 Rb1 41. Rb6+ f6 42. Rb8 Rc1 43. b5 Rc4+ 44. Ke3 Rb4 45. b6 Kf5 46.
b7 Rb3+ 47. Kd4 Rb2 48. Kd5 Rxf2 49. Re8 Rd2+ 50. Kc6 Rc2+ 51. Kd7 Rd2+ 52. Ke7
Rb2 53. b8=Q Rxb8 54. Rxb8 Kg4 55. Kxf6 Kxg3 56. Kg5 1-0

[Event "XV Open"]
[Site "Crema ITA"]
[Date "2013.08.31"]
[Round "4"]
[White "Aleksic, Nenad"]
[Black "Adami, Antonio"]
[WhiteElo "2357"]
[BlackElo "1754"]
[Result "1-0"]
[PlyCount "81"]
[EventDate "2013.08.30"]

1. e4 Nf6 2. d3 d6 3. Nf3 Bg4 4. Nbd2 Nc6 5. Be2 e6 6. c3 Be7 7. O-O O-O 8. d4
a6 9. Re1 Rb8 10. Qc2 Qc8 11. Bf1 Bh5 12. Bd3 Ne8 13. e5 Bg6 14. Ne4 d5 15.
Neg5 Bxd3 16. Qxd3 g6 17. Qe3 Ng7 18. g4 h6 19. Nh7 g5 20. Nxf8 Kxf8 21. h4 Qd8
22. hxg5 Bxg5 23. Nxg5 Qxg5 24. Qxg5 hxg5 25. Bxg5 Ne7 26. Kg2 Ng6 27. Rh1 Ne8
28. Rh7 Rc8 29. Rah1 c5 30. Bf6 Nxf6 31. exf6 Ke8 32. Rh8+ Nxh8 33. Rxh8+ Kd7
34. Rxc8 Kxc8 35. dxc5 Kd7 36. f4 e5 37. f5 a5 38. g5 Ke8 39. g6 Kf8 40. Kf3 a4
41. b4 1-0

[Event "XV Open"]
[Site "Crema ITA"]
[Date "2013.08.31"]
[Round "4"]
[White "Bonade', Massimo"]
[Black "Gerundino, Nicola"]
[WhiteElo "2100"]
[BlackElo "1965"]
[Result "1-0"]
[PlyCount "75"]
[EventDate "2013.08.30"]

1. d4 Nf6 2. c4 e6 3. Nc3 Bb4 4. e3 c5 5. Nge2 d5 6. a3 Bxc3+ 7. Nxc3 cxd4 8.
exd4 dxc4 9. Bxc4 O-O 10. O-O Nd5 11. Qh5 Nf6 12. Qh4 Nc6 13. Rd1 Ne7 14. Bd3
Nf5 15. Bxf5 exf5 16. Bg5 Re8 17. d5 Qb6 18. Bxf6 Qxf6 19. Qxf6 gxf6 20. Nb5
Re7 21. Re1 Rxe1+ 22. Rxe1 Bd7 23. Nd6 b6 24. h3 Kf8 25. f4 Rd8 26. Nc4 Bc8 27.
Ne3 Bb7 28. Kf2 Ba6 29. Rd1 Bc8 30. Rd4 Ke7 31. Rc4 Ke8 32. Rc7 a6 33. Rc6 Bb7
34. Rxf6 Bxd5 35. Nxd5 Rxd5 36. Rxb6 a5 37. Kg3 Kd7 38. Kh4 1-0

[Event "XV Open"]
[Site "Crema ITA"]
[Date "2013.08.31"]
[Round "4"]
[White "Bongiorni, Gabriele"]
[Black "Bini, Massimo"]
[WhiteElo "1806"]
[BlackElo "2036"]
[Result "1/2-1/2"]
[PlyCount "63"]
[EventDate "2013.08.30"]

1. e4 e5 2. Nf3 Qe7 3. Bc4 d6 4. d3 Bg4 5. Nbd2 Nf6 6. c3 c6 7. h3 Bh5 8. O-O
h6 9. Re1 g5 10. Qb3 b5 11. Bxb5 cxb5 12. Qxb5+ Qd7 13. a4 a6 14. Qxd7+ Nbxd7
15. g4 Bg6 16. b4 Be7 17. c4 O-O 18. Nf1 a5 19. b5 Nc5 20. Rd1 Nfd7 21. Ne3 Nb6
22. Nd5 Nxd5 23. cxd5 Rfc8 24. Be3 f6 25. Bxc5 Rxc5 26. Nd2 Ra7 27. f3 Be8 28.
Nc4 h5 29. Kg2 h4 30. Rab1 Kf7 31. Rdc1 Bd7 32. Kf2 1/2-1/2

[Event "XV Open"]
[Site "Crema ITA"]
[Date "2013.08.31"]
[Round "4"]
[White "Castrogiovanni, Carlo"]
[Black "Corso, Gabriele"]
[WhiteElo "2007"]
[BlackElo "1789"]
[Result "1/2-1/2"]
[PlyCount "34"]
[EventDate "2013.08.30"]

1. d4 d5 2. Nf3 Nf6 3. c4 c6 4. Nc3 dxc4 5. a4 Bf5 6. e3 e6 7. Bxc4 Bb4 8. O-O
O-O 9. Bd3 Bxd3 10. Qxd3 c5 11. Rd1 Nc6 12. Qe2 Qb6 13. Na2 Rfd8 14. Nxb4 Nxb4
15. Bd2 cxd4 16. Bxb4 Qxb4 17. Nxd4 Rac8 1/2-1/2

[Event "XV Open"]
[Site "Crema ITA"]
[Date "2013.08.31"]
[Round "4"]
[White "Cecchini, Massimo S."]
[Black "Corti, Massimo"]
[WhiteElo "1777"]
[BlackElo "2008"]
[Result "1-0"]
[PlyCount "49"]
[EventDate "2013.08.30"]

1. d4 Nf6 2. c4 e6 3. Nc3 Bb4 4. Qc2 O-O 5. Nf3 d5 6. Bg5 h6 7. Bxf6 Qxf6 8. e3
c5 9. a3 Ba5 10. cxd5 cxd4 11. Nxd4 Bxc3+ 12. Qxc3 exd5 13. Bb5 Nd7 14. O-O Ne5
15. Rac1 Be6 16. Qa5 a6 17. Ba4 Nc4 18. Qc3 b5 19. Bd1 Rac8 20. Bf3 Ne5 21. Qd2
Nc4 22. Qe2 Rfe8 23. Rc2 Bf5 24. Nxf5 Qxf5 25. Bg4 1-0

[Event "XV Open"]
[Site "Crema ITA"]
[Date "2013.08.31"]
[Round "4"]
[White "Cordioli, Luca"]
[Black "Tagliaferri, Valerio"]
[WhiteElo "1731"]
[BlackElo "1862"]
[Result "0-1"]
[PlyCount "50"]
[EventDate "2013.08.30"]

1. e4 c6 2. d4 d5 3. exd5 cxd5 4. Bd3 Nf6 5. Bg5 Bg4 6. Ne2 Nbd7 7. c3 e6 8. f3
Bh5 9. Nf4 Bg6 10. Nxg6 hxg6 11. Nd2 Qc7 12. g3 Bd6 13. Nf1 O-O-O 14. Qa4 Kb8
15. O-O-O Rh5 16. Be3 Nb6 17. Qb3 Rdh8 18. Bf2 Nc4 19. Bxc4 dxc4 20. Qa4 Ra5
21. Qc2 Rxa2 22. Ne3 Ba3 23. g4 Rxh2 24. Rxh2 Qxh2 25. Nxc4 Ra1+ 0-1

[Event "XV Open"]
[Site "Crema ITA"]
[Date "2013.08.31"]
[Round "4"]
[White "De Paoli, Emilio"]
[Black "Carbone, Lorenzo"]
[WhiteElo "1839"]
[BlackElo "1556"]
[Result "1-0"]
[PlyCount "43"]
[EventDate "2013.08.30"]

1. c4 c5 2. Nf3 Nf6 3. d4 cxd4 4. Nxd4 e6 5. Nc3 a6 6. g3 Bc5 7. e3 d5 8. Bg2
Bxd4 9. exd4 b6 10. Bg5 Bb7 11. O-O O-O 12. Bxf6 gxf6 13. cxd5 exd5 14. Qh5 Ra7
15. Rfe1 Qd6 16. Nxd5 Kg7 17. Ne7 Bc8 18. Be4 Rh8 19. Bf5 Rxe7 20. Rac1 Rxe1+
21. Rxe1 Nd7 22. Qg4+ 1-0